[Event "1. Bamberg-Open 2018"]
[Site "Bamberg"]
[Date "2018.05.13"]
[Round "7"]
[White "Korolev, Alexandr"]
[Black "Wagner, Florian"]
[Result "1/2-1/2"]
[WhiteElo "2071"]
[BlackElo "2197"]
[Annotator "TA"]
[PlyCount "35"]
[EventDate "2018.??.??"]
[EventType "swiss"]
[EventCountry "GER"]
[SourceTitle "playchess.com"]
[Source "ChessBase"]
[SourceQuality "1"]

{[%evp 19,35,14,101,0,6,21,76,33,15,-27,0,-47,-29,-26,-9,-9,0,-15]} 1. c4 e6 2. Nc3 d5 3. d4 Bb4 4. Nf3 Nf6 5. Bg5 dxc4 6. e4 {[%cal Be2e4,Be4e5,Be5f6,Bf6g7][%mdl 32]} c5 7. e5 h6 8. exf6 hxg5 9. fxg7 Rg8 10. dxc5 {D39: Queen's Gambit Declined: Ragozin Defence with 5 Bg5 dxc4} (10. Qc2 Qf6 11. dxc5 Nd7 12. Bxc4 Bxc3+ 13. bxc3 Nxc5 14. O-O g4 15. Nd2 Qf5 16. Qxf5 exf5 17. Rfe1+ Be6 {½-½ (41) Sokolov,I (2691)-Aronian,L (2724) Merida 2005}) 10... Qf6 {LiveBook: 3 Games} (10... Qxd1+ $11 11. Rxd1 Rxg7) 11. Qd4 (11. Bxc4 $16 {Hoping for 0-0.} Bxc3+ 12. bxc3) 11... Qxd4 $11 12. Nxd4 {Threatens to win with h4.} a6 (12... Nd7 $11) 13. Bxc4 {aiming for h4.} Bxc5 14. Nf3 $146 ({Predecessor:} 14. O-O-O b5 15. Ne4 Bxd4 16. Rxd4 Ke7 17. Be2 Rxg7 {1-0 (50) Psota,R (1819)-Nemeth,D (1956) Slovakia 2011}) 14... Be7 15. O-O-O b5 {[%mdl 1024] Black has compensation.} 16. Bd3 Bb7 17. Be4 Nc6 18. Kb1 1/2-1/2

[Event "1. Bamberg-Open 2018"]
[Site "Bamberg"]
[Date "2018.05.13"]
[Round "7"]
[White "Schulte, Juergen"]
[Black "Kraich, Klaus"]
[Result "0-1"]
[WhiteElo "2065"]
[BlackElo "2169"]
[Annotator "TA"]
[PlyCount "58"]
[EventDate "2018.??.??"]
[EventType "swiss"]
[EventCountry "GER"]
[SourceTitle "playchess.com"]
[Source "ChessBase"]
[SourceQuality "1"]

{[%evp 13,58,35,28,14,23,0,42,44,43,33,46,39,40,0,1,0,37,17,63,50,94,-50,-73,-50,-47,-130,-58,-131,-110,-169,-185,-516,-429,-1463,-1229,-1480,-1456,-1458,-1427,-1569,-1531,-1417,-1283,-1214,-977,-947,-925]} 1. d4 d5 2. c4 e6 3. Nc3 a6 4. cxd5 exd5 5. Nf3 Nf6 6. Bg5 {D37: Queen's Gambit Declined: 5 Bf4} Be6 7. e3 Nbd7 {LiveBook: 194 Games} 8. Qc2 {White has an edge.} h6 9. Bh4 g5 10. Bg3 Nh5 11. Bd3 Nxg3 12. hxg3 Bg7 13. Bf5 {And now Bxe6 would win.} Qf6 {[#]} 14. g4 $146 {[%cal Bg3g4,Bg4f5][%mdl 32]} c6 15. O-O-O Bxf5 16. gxf5 O-O 17. e4 ({White should play} 17. Nh2 $16) 17... dxe4 $15 18. Qxe4 Rfe8 19. Qg4 (19. Qc2 $15) 19... Qe7 ({Better is} 19... c5 $17 20. Rd2 Qb6) 20. Rde1 ({White should try} 20. Rhe1 $1 $15 Qb4 21. Kb1) 20... Qb4 $17 21. Ne4 (21. Qg3 $17 {was worth a try.}) 21... c5 $19 ({Don't go for} 21... Bxd4 $2 22. Nxd4 Qxd4 23. Rxh6 $18) 22. Nfxg5 $2 {[#]} (22. a3 Qb6 23. Ne5 Nxe5 24. dxe5 Bxe5 25. Qe2) 22... Qxd4 {Black is clearly winning.} 23. Nf3 (23. Re2 $142 hxg5 24. Rd1 Qc4+ 25. Kb1) 23... Qxb2+ 24. Kd1 Qb1+ 25. Kd2 Qxa2+ 26. Kd1 Qb1+ 27. Kd2 Qb2+ 28. Kd1 Nf6 29. Nxf6+ Qxf6 {Precision: White =  9%, Black = 64%.} 0-1

[Event "1. Bamberg-Open 2018"]
[Site "Bamberg"]
[Date "2018.05.13"]
[Round "7"]
[White "Fabregas, Oliver"]
[Black "Dettmann, Gerd"]
[Result "1/2-1/2"]
[WhiteElo "1917"]
[BlackElo "2163"]
[Annotator "TA"]
[PlyCount "90"]
[EventDate "2018.??.??"]
[EventType "swiss"]
[EventCountry "GER"]
[SourceTitle "playchess.com"]
[Source "ChessBase"]
[SourceQuality "1"]

{[%evp 17,90,2,17,0,11,-12,0,-5,0,-14,0,0,29,30,20,0,4,-3,0,-28,-25,-32,14,-6,85,92,82,72,79,73,68,90,79,80,86,54,156,59,48,65,29,0,3,-49,8,8,8,8,25,-152,-135,-119,279,252,218,108,382,386,1074,1270,1230,1160,1070,1104,872,465,2412,1778,1221,446,439,420,398,383,313]} 1. Nf3 c5 2. e4 d6 3. d3 Nc6 4. g3 g6 5. Bg2 Bg7 6. O-O Nf6 7. c3 O-O 8. Re1 Bd7 9. Nbd2 Qc7 {LiveBook: 4 Games} 10. Qe2 {A05: Réti Opening: 1 Nf3 Nf6} (10. a4 a6 11. Nb3 e5 12. d4 cxd4 13. cxd4 Rac8 14. dxe5 dxe5 15. a5 Be6 16. Nc5 Bg4 17. Be3 Nxa5 {0-1 (39) Suleymanyants,O (2256)-Meribanov,V (2396) Orsha 2018}) 10... Rad8 $146 ({Predecessor:} 10... e6 11. Nf1 Ne5 12. Nh4 Rac8 13. Ne3 Bc6 14. c4 Bd7 15. f4 Nc6 16. Qf2 Nd4 17. f5 g5 {0-1 (67) Nicolescu,I (1800)-Zaharie,I (2125) Eforie Nord 1998}) 11. h3 b5 12. a3 {The position is equal.} e5 13. Nf1 Na5 14. Be3 Rfe8 15. b4 Nb7 16. Rac1 a5 17. Qb2 d5 18. Bg5 dxe4 19. dxe4 Bc6 20. c4 $36 {[%mdl 2048] White fights for an advantage.} bxc4 (20... axb4 $11 {remains equal.} 21. axb4 Rb8) 21. b5 $16 Bd7 22. a4 h6 23. Bxf6 Bxf6 24. Ne3 Be6 25. Bf1 Nd6 26. Qc2 {[%cal Rf1c4]} Qb7 (26... c3 $14) 27. Ng4 (27. Nxc4 $16 Nxc4 28. Bxc4) 27... Bxg4 $1 $14 28. hxg4 Qc8 29. g5 hxg5 30. Bxc4 ({White should play} 30. Nh2 $11) 30... g4 (30... Nxc4 $15 31. Qxc4 Kg7) 31. Nd2 $11 Bg5 32. Bd5 $1 Nf5 {Hoping for ...Nd4.} 33. Qc3 $2 (33. Qa2 $11 Qd7 34. exf5 (34. Rxc5 Nd4 $11) 34... Qxd5 35. Qxd5 Rxd5 36. Ne4) 33... Nd4 $17 34. Kg2 {[#]} Nf3 $2 {[%mdl 8192]} (34... Kg7 $1 $17 {Threatens to win with ...Rxd5!} 35. Rh1 Ne2) 35. Nxf3 $18 Bxc1 36. Nxe5 ({Inferior is} 36. Qxc1 gxf3+ 37. Kxf3 Kg7 $11) (36. Rxc1 $18 {and the rest is easy.} Rxd5 37. exd5 gxf3+ 38. Qxf3 (38. Kxf3 Qf5+ 39. Kg2 Qe4+ 40. Qf3 Qxa4 $14)) 36... Rxd5 $4 {[%mdl 8192]} (36... Bd2 $16 37. Qxd2 Rxe5) 37. exd5 Qf5 $2 (37... Qd8) 38. Qxc1 Rxe5 39. Rxe5 Qxe5 40. Qxc5 {[%mdl 4096] Endgame KQ-KQ} Qe4+ 41. Kf1 Qxa4 (41... Qb1+ $142 42. Kg2 Qe4+ 43. Kh2 g5) 42. b6 Qe4 43. Qxa5 (43. Kg1 $142 g5 44. Qc8+ (44. Qxa5 Qb1+ 45. Kh2 Qh7+ 46. Kg2 Qe4+ 47. Kf1 Qh1+ 48. Ke2 Qe4+ 49. Kd2 Qd4+ 50. Kc1 Qc4+ 51. Kb2 Qd4+ 52. Kb3 Qd3+ 53. Qc3 Qb5+ 54. Qb4 Qxd5+ 55. Qc4 Qd8 $18) 44... Kg7 45. b7 Qb1+ 46. Kh2 Qh7+ 47. Kg2 Qe4+ 48. Kf1 Qh1+ 49. Ke2 Qe4+ 50. Kd2 Qd4+ 51. Kc1 Qa1+ 52. Kc2 Qa2+ 53. Kc3 Qa1+ 54. Kc4 Qa2+ 55. Kc5 Qxf2+ 56. Kc6 Qc2+ 57. Kd7 Qf5+ 58. Kc7 Qxd5 59. b8=Q Qc4+ 60. Kb7 Qe4+ 61. Ka6 Qd3+ 62. Qb5 Qd6+ 63. Qb6) 43... Qh1+ 44. Ke2 Qe4+ 45. Kd2 Qd4+ {[%mdl 32768] Precision: White = 31%, Black = 31%. . An unexpected result.} 1/2-1/2